Discrete Mathematical Structures For Computer Science (Record no. 7027)

MARC details
000 -LEADER
fixed length control field 00445nam a2200169Ia 4500
008 - FIXED-LENGTH DATA ELEMENTS--GENERAL INFORMATION
fixed length control field 221030s9999 xx 000 0 und d
020 ## - INTERNATIONAL STANDARD BOOK NUMBER
ISBN 013216284901
041 ## - LANGUAGE CODE
Language code of text/sound track or separate title
082 ## - DEWEY DECIMAL CLASSIFICATION NUMBER
Classification number 105.23
Item number Kol
100 ## - MAIN ENTRY--AUTHOR NAME
Personal name B. Kolman
245 #0 - TITLE STATEMENT
Title Discrete Mathematical Structures For Computer Science
Statement of responsibility, etc by B. Kolman, R. C. Busby
260 ## - PUBLICATION, DISTRIBUTION, ETC. (IMPRINT)
Name of publisher PHI
Place of publication New Delhi
Year of publication 1987
300 ## - PHYSICAL DESCRIPTION
Number of Pages 155
650 ## - SUBJECT ADDED ENTRY--TOPICAL TERM
Topical Term BE Mathematics
700 ## - ADDED ENTRY--PERSONAL NAME
Personal name R. C. Busby
942 ## - ADDED ENTRY ELEMENTS (KOHA)
Koha item type Books
Holdings
Accession Number Cost, normal purchase price Full call number Price effective from Koha item type Withdrawn / writtenoff status Materials specified (bound volume or other part) Damaged status Not for loan Permanent Location Current Location Shelving location Date acquired Lost/ Missing status department
BE 3053 477.00 105.23 Kol 10/30/2022 Books   Print     MIET Library, Jammu MIET Library, Jammu BL-Academic Block- A, FL-1, CUP-3, SH-2, R-2 03/16/2001   BE
BE 3055 477.00 105.23 Kol 10/30/2022 Books   Print     MIET Library, Jammu MIET Library, Jammu BL-Academic Block- A, FL-1, CUP-3, SH-2, R-2 03/16/2001   BE
BE 3056 477.00 105.23 Kol 10/30/2022 Books   Print   Not For Loan MIET Library, Jammu MIET Library, Jammu BL-Second, FL-1, CUP-17, SH-2, R-2 03/16/2001   BE
BE 3057 477.00 105.23 Kol 10/30/2022 Books   Print     MIET Library, Jammu MIET Library, Jammu BL-Academic Block- A, FL-1, CUP-3, SH-2, R-2 03/16/2001   BE